000 00288nam a22001217a 4500
008 170616b xxu||||| |||| 00| 0 eng d
041 _aeng
080 _a32
100 _a20
101 _aSHP
245 _aUN STATE AND SOCIETY IN THE SOVIET UNION
_cNOGEE.J.L
942 _2udc
_cBK
999 _c17669
_d17669